Guess European Flags #1 - Statistics

General Stats
  • This quiz has been taken 121 times
  • The average score is 15 of 16
Answer Stats
Picture Answer % Correct
Germany
100%
Italy
100%
Poland
100%
Spain
100%
United Kingdom
100%
France
99%
Ukraine
98%
Sweden
97%
Greece
96%
Belgium
95%
Netherlands
95%
Portugal
95%
Romania
92%
Czechia
87%
Hungary
82%
Belarus
72%
No matching quizzes found
Score Distribution
Percent of People with Each Score
Percentile by Number Answered
Your Score History
You have not taken this quiz